Opatření Federálního ministerstva financí, kterým sa stanoví použití metodiky účetnictví pro účetní období roku 1992.
Prehľad predpisov o účtovníctve platných v roku 1992 a niektoré poznámky k nim. Prehľad zrušených predpisov. Ide o doslovné a úplné znenie záväzného opatrenia, ktoré bude uverejnené vo Finančnom spravodaji a oznam o jeho vydaní bude v Zbierke zákonov.
Salvato in:
| Natura: | Capitolo di libro |
|---|---|
| Lingua: | ceco |
| Soggetti: | |
| Tags: |
Nessun Tag, puoi essere il primo ad aggiungerne!!
|
MARC
| LEADER | 00000naa a2200000 4500 | ||
|---|---|---|---|
| 001 | r008135 | ||
| 005 | 20220831085430.7 | ||
| 041 | 0 | |a cze | |
| 044 | |a [CS] | ||
| 245 | 1 | 0 | |a Opatření Federálního ministerstva financí, kterým sa stanoví použití metodiky účetnictví pro účetní období roku 1992. |
| 520 | |a Prehľad predpisov o účtovníctve platných v roku 1992 a niektoré poznámky k nim. Prehľad zrušených predpisov. Ide o doslovné a úplné znenie záväzného opatrenia, ktoré bude uverejnené vo Finančnom spravodaji a oznam o jeho vydaní bude v Zbierke zákonov. | ||
| 610 | 2 | 0 | |a účtovníctvo |
| 610 | 2 | 0 | |a predpisy právne |
| 610 | 2 | 0 | |a 1992 |
| 610 | 2 | 0 | |a ČSFR |
| 610 | 2 | 0 | |a metodika |
| 610 | 2 | 0 | |a FMF Praha |